| 000 | 01201nam a2200277Ia 4500 | ||
|---|---|---|---|
| 001 | 270.02-MES mi au (18258) | ||
| 003 | IT-MiSPE | ||
| 008 | 171229s9999||||xx |||||||||||||| ||und|| | ||
| 040 |
_aIT-MiSPE _cIT-MiSPE |
||
| 041 | _aITALIANO | ||
| 100 | _aMichel Meslin | ||
| 240 | _aHistoire de l'Église par elle-même | ||
| 245 | 0 |
_aAutobiografia della Chiesa _bDagli Atti degli Apostoli al testamento di Paolo VI |
|
| 250 | _a1a ed. (v) | ||
| 260 |
_aFirenze _bSansoni _c1981 |
||
| 300 |
_a767 p. _c21 cm |
||
| 490 | _aBiblioteca storica | ||
| 500 | _aChiesa - Storia | ||
| 501 | _aEdizioni San Paolo srl - Piazza Soncino, 5 - 20092 CINISELLO BALSAMO (MI) (non commercial uses only) ® Copyright 2018 | ||
| 520 | _aLuigi Fiorani (ed. it.) | ||
| 700 | _aJacques Loew | ||
| 700 |
_aMassimo Ceresa _g(traduzione) |
||
| 942 | _cBK | ||
| 957 | _71 | ||
| 999 |
_a4656 _bNO _g Copie: 1 _c345823 _d345823 |
||